| 000 | 01286nam a2200313 i 4500 | ||
|---|---|---|---|
| 999 |
_c65418 _d65418 |
||
| 001 | 768714001 | ||
| 003 | CO-MdFUSB | ||
| 005 | 20200303162953.0 | ||
| 007 | ta | ||
| 008 | 200303t2009 -us |||| |||| 00| 0 eng d | ||
| 020 | _a9780805446951 | ||
| 040 |
_aCO-MdFUSB _bspa _cCO-MdFUSB _dCO-MdFUSBC _erda |
||
| 041 | _aeng | ||
| 082 |
_223 _a251 _bED26 |
||
| 100 |
_aEdwards, J. Kent. _eautor |
||
| 245 | 1 |
_aDeep preaching : _bcreating sermons that go beyond the superficial _c/ J. Kent Edwards |
|
| 264 |
_aEstados Unidos : _bB & H Academic, _c[2009] |
||
| 264 | _c© 2009 | ||
| 300 |
_a202 páginas _c; 23 cm |
||
| 336 |
_2rdacontent _atexto _btxt |
||
| 337 |
_2rdamedia _asin mediación _bn |
||
| 338 |
_2rdacarrier _avolumen _bnc |
||
| 505 | _aLos desafíos de predicar hoy. -- Las razones para predicar hoy. -- Más razones para predicar hoy. -- Comience con su corazón. -- Obtenga la "gran idea" -- Lleve la idea de Dios a su armario. -- Agarre la grandeza. -- El " comienza el trabajo en el armario. -- Continúa el "trabajo en el armario" -- Predicando sermones profundos. -- Preguntas del armario. -- Mejorando la perfección. -- Sólido congelado. | ||
| 563 | _aRústico | ||
| 650 | 0 |
_954 _aPredicación |
|
| 942 | _cBK | ||
| 945 | _aJTF-925 | ||